000 00813nam a22002297a 4500
999 _c20406
_d20406
003 AR-CdUCM
008 190321b ||||| |||| 00| 0 spa d
020 _a84-252-1329-0
040 _aMUNICIPALIDAD PROVINCIAL DEL CUSCO
_cBIBLIOTECA MUNICIPAL DEL CUSCO
082 _a621.34 /
_bC84
100 _aCostales, B.
_921652
245 _aIntroducción al Lenguaje C /
260 _aBarcelona :
_bGustavo Gili,
_c1985.
300 _a289 paginas ;
_bIlustraciones,
_c24 cm.
505 _aContenido : Nociones fundamentales sobre computadoras -- Introducción al FORTRAN IV -- Uso del FORTRAN para solucionar un problema típico...
650 _aLenguaje
_95227
650 _aProgramación
_91895
650 _aAdministración
_94472
700 _aShannon , Loren E.
_942673
942 _2ddc
_cLIBROS
945 _arcc